000 00899nam a2200229 u 4500
001 000339769
003 AM-YeHGA
005 20250617131028.0
008 040602s1974 ai r 000 0 arm d
040 _aAM-YeHGA
041 0 _aarm
080 _a613
090 _aՀ-42
100 1 _aՀարությունյան, Ալբերտ Մելիքսեթի
245 1 0 _aԸնտանի կենդանիները և մարդու առողջությունը /
_cԱ.Մ. Հարությունյան; ՀՍՍՀ Առողջապահ. մինիստր. հանրապետ. սանլուստուն.
260 _aԵրևան :
_bՀայաստան,
_c1974.
300 _a32 էջ ;
_c20 սմ.
650 1 4 _aՀիգիենա
650 1 4 _aՎարակիչ հիվանդություն
710 2 _aՀՍՍՀ Առողջապահության մինիստրության հանրապետական սանլուստուն
090 _c130104
999 _c128740
_d128740